| 000 | 00545nam a22001937a 4500 | ||
|---|---|---|---|
| 003 | OSt | ||
| 005 | 20140310182954.0 | ||
| 008 | 130207t xxu||||| |||| 00| 0 eng d | ||
| 020 | _a9712303306 | ||
| 050 |
_aLB 3051 _b.Or74 1994 |
||
| 100 | _aOreondo, Leonora Loyola. | ||
| 245 |
_aEvaluating educational outcomes / _cLeonora Loyola Oreondo |
||
| 260 |
_aManila : _bRex Book Store, _c1994.. |
||
| 300 |
_aviii, 240 p. : _c23 cm. |
||
| 521 | _aEDU | ||
| 650 | _aEducational tests and measurements. | ||
| 942 |
_2lcc _cBK _kLOC |
||
| 999 |
_c17977 _d17977 |
||